Medallas de proclamaciones y juras de los reyes de España / (Record no. 155366)

MARC details
000 -LEADER
campo de control de longitud fija 01003nam a22002655i 4500
001 - NÚMERO DE CONTROL
campo de control 155366
003 - IDENTIFICADOR DE NÚMERO DE CONTROL
campo de control ES-MaACL
005 - FECHA Y HORA DE LA ÚLTIMA TRANSACCIÓN
campo de control 20230906210041.0
008 - DATOS DE LONGITUD FIJA--INFORMACIÓN GENERAL
campo de control de longitud fija 940301s1882 sp |||| | spa d
040 ## - FUENTE DE CATALOGACIÓN
Centro catalogador/agencia de origen AS
Lengua de catalogación spa
080 ## - NÚMERO DE LA CLASIFICACIÓN DECIMAL UNIVERSAL
Número de la Clasificación Decimal Universal 929.652(460)
080 ## - NÚMERO DE LA CLASIFICACIÓN DECIMAL UNIVERSAL
Número de la Clasificación Decimal Universal 929.731(460) : 737.22
100 1# - ENTRADA PRINCIPAL--NOMBRE DE PERSONA
Nombre de persona Herrera, Adolfo.
9 (RLIN) 63179
245 10 - MENCIÓN DEL TÍTULO
Título Medallas de proclamaciones y juras de los reyes de España /
Mención de responsabilidad, etc. por Adolfo Herrera.
260 ## - PUBLICACIÓN, DISTRIBUCIÓN, ETC.
Lugar de publicación, distribución, etc. Madrid :
Nombre del editor, distribuidor, etc. [s.n.],
Fecha de publicación, distribución, etc. 1882 (
Fabricante Imprenta de Manuel Ginés Hernández,
Fecha de fabricación/manufactura 1884)
300 ## - DESCRIPCIÓN FÍSICA
Extensión 284, [2] p., 107 h. de lám. ;
Dimensiones 33 cm.
500 ## - NOTA GENERAL
Nota general Indice de inscripciones.
596 ## - NOTA AL PIE DE IMPRENTA
NOTA AL PIE DE IMPRENTA Año de impresión tomado del colofón.
597 ## - NOTA DE DESCRIPCIÓN FÍSICA
NOTA DE DESCRIPCIÓN FÍSICA Port. con esc. xil.
599 ## - NOTA A LAS ILUSTRACIONES
NOTA A LAS ILUSTRACIONES Ilustraciones "E. Buxó grabó"
650 #4 - PUNTO DE ACCESO ADICIONAL DE MATERIA--TÉRMINO DE MATERIA
Término de materia o nombre geográfico como elemento de entrada Medallas-
Subdivisión geográfica España.
9 (RLIN) 141425
651 #4 - PUNTO DE ACCESO ADICIONAL DE MATERIA--NOMBRE GEOGRÁFICO
Nombre geográfico España-
Subdivisión general Reyes y soberanos-
-- Medallas.
9 (RLIN) 140094
700 1# - ENTRADA AGREGADA--NOMBRE PERSONAL
Nombre de persona Buxó Bes, Esteban.
9 (RLIN) 126250
852 ## - LOCALIZACIÓN
Ubicación ES-MaACL
Número de control de estantería Z-47
Nota libre -- Enc. hol.
Encuadernación Olim: B-2153
-- Olim: 153-C-11y12
Holdings
Estatus retirado Estado de pérdida Estado de daño No para préstamo Colección Biblioteca de origen Biblioteca actual Ubicación en estantería Fecha de adquisición Total de préstamos Signatura topográfica completa Código de barras Visto por última vez Precio de reemplazo Tipo de ítem Koha
        Libros del s. XIX Biblioteca del Ateneo de Madrid Biblioteca del Ateneo de Madrid Depósito 17/01/2008   Z-47 1162518 23/02/2023 23/02/2023 Libro impreso antiguo